[Event "Sao Paulo op-B U2050 6th"]
[Site "Sao Paulo"]
[Date "2017.04.15"]
[Round "3"]
[White "Dairokuno, Mitsuru"]
[Black "De Bona, Glauber"]
[Result "0-1"]
[WhiteElo "1819"]
[BlackElo "1990"]
[PlyCount "40"]
[EventDate "2017.04.14"]
[EventType "swiss"]
[EventRounds "6"]
[EventCountry "BRA"]
[SourceTitle "EXT 2019"]
[Source "ChessBase"]
[SourceDate "2018.10.10"]
[SourceVersion "1"]
[SourceVersionDate "2018.10.10"]
[SourceQuality "1"]

1. e4 c5 2. Nc3 e6 3. g3 d5 4. exd5 exd5 5. Bg2 Nf6 6. d3 Be7 7. Nge2 d4 8. Ne4 Nxe4 9. Bxe4 Nc6 10. 0-0 Bg4 11. Bg2 Qd7 12. Re1 Ne5 13. Qd2 Nf3+ 14. Bxf3 Bxf3 15. Qf4 Bc6 16. Bd2 g5 17. Qe5 f6 18. Qxe7+ Kxe7 19. Nxd4+ Kf7 20. Nxc6 Qxc6 0-1

[Event "Sao Paulo op-B U2050 6th"]
[Site "Sao Paulo"]
[Date "2017.04.15"]
[Round "4"]
[White "Saito, Helio Tsutomu"]
[Black "Dairokuno, Mitsuru"]
[Result "1-0"]
[WhiteElo "1714"]
[BlackElo "1819"]
[PlyCount "137"]
[EventDate "2017.04.14"]
[EventType "swiss"]
[EventRounds "6"]
[EventCountry "BRA"]
[SourceTitle "EXT 2019"]
[Source "ChessBase"]
[SourceDate "2018.10.10"]
[SourceVersion "1"]
[SourceVersionDate "2018.10.10"]
[SourceQuality "1"]

1. e4 c5 2. Nf3 e6 3. d4 cxd4 4. Nxd4 a6 5. c4 Nf6 6. Nc3 Qc7 7. a3 Nc6 8. Be3 Be7 9. Be2 0-0 10. 0-0 Ne5 11. b3 Rd8 12. f4 Ng6 13. e5 Ne8 14. b4 d6 15. exd6 Bxd6 16. g3 Nf6 17. c5 Be7 18. Qc2 Nd5 19. Nxd5 Rxd5 20. Bf3 Rd8 21. Rad1 Bf6 22. Be4 Bd7 23. f5 exf5 24. Nxf5 Bc6 25. Nd6 Qe7 26. Rfe1 Rxd6 27. Bxg6 Re6 28. Bxh7+ Kh8 29. Bf2 Bd4 30. Rxe6 Bxf2+ 31. Qxf2 Qxe6 32. Re1 Qc4 33. Bb1 f6 34. Qe2 Qd4+ 35. Qe3 Qb2 36. Qe2 Qd4+ 37. Qe3 Rd8 38. Qxd4 Rxd4 39. Bg6 Rd2 40. Be4 Bxe4 41. Rxe4 Rd7 42. g4 Kg8 43. h4 Kf7 44. Kf2 Rd2+ 45. Kf3 Rd3+ 46. Re3 Rd4 47. h5 Rd5 48. Kf4 Rd4+ 49. Re4 Rd3 50. a4 Rd5 51. Ke3 Rd1 52. Rd4 Re1+ 53. Kf2 Re7 54. Kf3 Rc7 55. Rd6 Re7 56. Rb6 Kf8 57. b5 axb5 58. axb5 Rc7 59. c6 bxc6 60. bxc6 Kg8 61. Kf4 Kh7 62. Kf5 Kh6 63. Ke6 Kg5 64. Kd6 Rxc6+ 65. Rxc6 Kxg4 66. Rc5 f5 67. Ke6 Kxh5 68. Rxf5+ Kh4 69. Rf1 1-0

[Event "Sao Paulo op-B U2050 6th"]
[Site "Sao Paulo"]
[Date "2017.04.14"]
[Round "2"]
[White "Schmidt, Guilherme Machado L"]
[Black "Dairokuno, Mitsuru"]
[Result "0-1"]
[WhiteElo "1531"]
[BlackElo "1819"]
[PlyCount "86"]
[EventDate "2017.04.14"]
[EventType "swiss"]
[EventRounds "6"]
[EventCountry "BRA"]
[SourceTitle "EXT 2019"]
[Source "ChessBase"]
[SourceDate "2018.10.10"]
[SourceVersion "1"]
[SourceVersionDate "2018.10.10"]
[SourceQuality "1"]

1. d4 Nf6 2. c4 g6 3. Nc3 Bg7 4. e4 d6 5. Nf3 0-0 6. Be2 e5 7. d5 c6 8. 0-0 Na6 9. a3 Nc5 10. Qc2 a5 11. Be3 Qc7 12. b4 Ncd7 13. h3 Nh5 14. Rad1 c5 15. bxc5 Nxc5 16. Bxc5 dxc5 17. Nb5 Nf4 18. d6 Qd8 19. Rfe1 Ra6 20. Qd2 Bd7 21. Nc7 Ra7 22. Nd5 Ne6 23. Ne7+ Kh8 24. Qd5 f6 25. Nh2 b6 26. g3 Nd4 27. Bg4 f5 28. exf5 gxf5 29. Bh5 Be6 30. Qg2 Qxd6 31. Nd5 Bxd5 32. cxd5 e4 33. g4 Qxd5 34. gxf5 Qxf5 35. Bg4 Qf6 36. Rxe4 Re7 37. Rxe7 Qxe7 38. Nf3 Nxf3+ 39. Bxf3 Bd4 40. Kf1 Qf6 41. Qh2 Qxf3 42. Rxd4 cxd4 43. Qe5+ Qf6 0-1

[Event "Registro Oliveira Memorial"]
[Site "Registro"]
[Date "2016.07.02"]
[Round "3"]
[White "Dairokuno, Mitsuru"]
[Black "Curcio, Demy Yamamaru"]
[Result "1-0"]
[WhiteElo "1794"]
[BlackElo "1337"]
[PlyCount "31"]
[EventDate "2016.07.02"]
[EventType "swiss"]
[EventRounds "6"]
[EventCountry "BRA"]
[SourceTitle "EXT 2017"]
[Source "ChessBase"]
[SourceDate "2016.10.25"]
[SourceVersion "1"]
[SourceVersionDate "2016.10.25"]
[SourceQuality "1"]

1. c4 e5 2. e3 c5 3. Nc3 Nf6 4. Qc2 Nc6 5. a3 Be7 6. Nf3 d6 7. Be2 0-0 8. Ng5 h6 9. h4 g6 10. Nf3 d5 11. cxd5 Nxd5 12. Nxd5 Qxd5 13. Bc4 Qd7 14. Qxg6+ Kh8 15. Qxh6+ Kg8 16. Rh3 1-0

[Event "Registro Oliveira Memorial"]
[Site "Registro"]
[Date "2016.07.02"]
[Round "2"]
[White "Pinto, Rendrex Lopes"]
[Black "Dairokuno, Mitsuru"]
[Result "1-0"]
[WhiteElo "2182"]
[BlackElo "1794"]
[PlyCount "83"]
[EventDate "2016.07.02"]
[EventType "swiss"]
[EventRounds "6"]
[EventCountry "BRA"]
[SourceTitle "EXT 2017"]
[Source "ChessBase"]
[SourceDate "2016.10.25"]
[SourceVersion "1"]
[SourceVersionDate "2016.10.25"]
[SourceQuality "1"]

1. e4 c5 2. Nf3 e6 3. d3 Nc6 4. g3 Be7 5. Bg2 Qc7 6. 0-0 a6 7. a4 d6 8. c3 Bd7 9. Nbd2 h5 10. Nc4 h4 11. Nxh4 Bxh4 12. gxh4 Rxh4 13. Bg5 Rh8 14. Bf4 e5 15. Bg3 Bh3 16. a5 Bxg2 17. Kxg2 Qd7 18. h4 Qe6 19. Nb6 Rb8 20. Nd5 Kd8 21. f4 exf4 22. Nxf4 Qd7 23. d4 cxd4 24. cxd4 f6 25. d5 Ne5 26. Ne6+ Ke8 27. Bxe5 dxe5 28. Qg4 Nh6 29. Nxg7+ Ke7 30. Qxd7+ Kxd7 31. Nh5 Ng4 32. Nxf6+ Nxf6 33. Rxf6 Rxh4 34. Kf3 Rg8 35. Ra3 Rgg4 36. Rb3 Rh3+ 37. Kxg4 Rxb3 38. Rb6 Rxb6 39. axb6 Kd6 40. b4 a5 41. bxa5 Kc5 42. a6 1-0

[Event "Nova Odessa Regional 9th"]
[Site "Nova Odessa"]
[Date "2016.01.30"]
[Round "2"]
[White "Dairokuno, Mitsuru"]
[Black "Pritsopoulos, Constantino Demetri"]
[Result "0-1"]
[WhiteElo "1849"]
[BlackElo "1934"]
[PlyCount "85"]
[EventDate "2016.01.30"]
[EventType "swiss"]
[EventRounds "5"]
[EventCountry "BRA"]
[SourceTitle "EXT 2017"]
[Source "ChessBase"]
[SourceDate "2016.10.25"]
[SourceVersion "1"]
[SourceVersionDate "2016.10.25"]
[SourceQuality "1"]

1. c4 c5 2. e3 Nf6 3. a3 g6 4. Nc3 Bg7 5. Qc2 0-0 6. Be2 d5 7. cxd5 Nxd5 8. Nf3 Bg4 9. 0-0 e6 10. h3 Bxf3 11. Bxf3 Nd7 12. d4 Re8 13. Bd2 N7f6 14. Rfd1 Qc7 15. Na4 Rad8 16. Rac1 e5 17. dxe5 Qxe5 18. Qxc5 Ne4 19. Bxe4 Qxe4 20. Nc3 Nxc3 21. Bxc3 b6 22. Qb4 Qxb4 23. axb4 Bxc3 24. bxc3 Kf8 25. Kf1 Ke7 26. Ke2 f5 27. f3 Rxd1 28. Rxd1 a5 29. bxa5 bxa5 30. Ra1 Ra8 31. Ra4 Kd6 32. e4 fxe4 33. fxe4 Kc5 34. Kd3 Kb5 35. Ra2 a4 36. Rb2+ Kc5 37. c4 a3 38. Ra2 Kb4 39. Kc2 Kxc4 40. Kb1 Kb3 41. Re2 Rd8 42. Re3+ Kb4 43. g3 0-1

[Event "Nova Odessa Regional 9th"]
[Site "Nova Odessa"]
[Date "2016.01.30"]
[Round "3"]
[White "Gomes, Jeferson Dionisio"]
[Black "Dairokuno, Mitsuru"]
[Result "0-1"]
[WhiteElo "1350"]
[BlackElo "1849"]
[PlyCount "56"]
[EventDate "2016.01.30"]
[EventType "swiss"]
[EventRounds "5"]
[EventCountry "BRA"]
[SourceTitle "EXT 2017"]
[Source "ChessBase"]
[SourceDate "2016.10.25"]
[SourceVersion "1"]
[SourceVersionDate "2016.10.25"]
[SourceQuality "1"]

1. e4 c5 2. Nf3 e6 3. d4 cxd4 4. Nxd4 a6 5. Nc3 Qc7 6. Be3 Nf6 7. Be2 Bb4 8. 0-0 Bxc3 9. bxc3 Nxe4 10. c4 Nc3 11. Qd3 Nxe2+ 12. Qxe2 0-0 13. Nb3 Nc6 14. c5 d5 15. Qg4 e5 16. Qg3 Ne7 17. Qf3 d4 18. Bd2 a5 19. a4 Be6 20. Bxa5 Rxa5 21. Nxa5 Qxa5 22. Qxb7 Qxc5 23. Rfc1 Bd5 24. Qb2 Ng6 25. Qb5 Qd6 26. Rab1 Nf4 27. f3 Qg6 28. Qf1 Bc4 0-1

[Event "Campinas IRT Regional 8th"]
[Site "Campinas"]
[Date "2015.06.20"]
[Round "3.3"]
[White "Cardozo, Matheus Santos"]
[Black "Dairokuno, Mitsuru"]
[Result "1/2-1/2"]
[WhiteElo "1807"]
[BlackElo "1851"]
[PlyCount "41"]
[EventDate "2015.05.26"]
[EventType "swiss"]
[EventRounds "5"]
[EventCountry "BRA"]
[SourceTitle "EXT 2022"]
[Source "ChessBase"]
[SourceDate "2021.10.06"]
[SourceVersion "1"]
[SourceVersionDate "2021.10.06"]
[SourceQuality "1"]

1. d4 Nf6 2. c4 e6 3. Nc3 c5 4. d5 exd5 5. cxd5 d6 6. e4 a6 7. a4 g6 8. h3 Bg7 9. Bf4 0-0 10. Nf3 Re8 11. Bd3 Nxe4 12. Nxe4 f5 13. Nfd2 fxe4 14. Bxe4 Bxb2 15. 0-0 Bxa1 16. Qxa1 Rf8 17. Bh6 Rf7 18. Nf3 Qf6 19. Qb1 Bf5 20. Bg5 Qg7 21. Re1 1/2-1/2

[Event "Indaiatuba IRT Regional 7th"]
[Site "Indaiatuba"]
[Date "2015.05.02"]
[Round "3.1"]
[White "Caldeira, Tiago Pereira"]
[Black "Dairokuno, Mitsuru"]
[Result "1-0"]
[WhiteElo "2031"]
[BlackElo "1846"]
[PlyCount "43"]
[EventDate "2015.05.02"]
[EventType "swiss"]
[EventRounds "5"]
[EventCountry "BRA"]
[SourceTitle "EXT 2022"]
[Source "ChessBase"]
[SourceDate "2021.10.06"]
[SourceVersion "1"]
[SourceVersionDate "2021.10.06"]
[SourceQuality "1"]

1. d4 Nf6 2. c4 e6 3. Nc3 c5 4. d5 exd5 5. cxd5 d6 6. Nf3 a6 7. a4 g6 8. h3 Bg7 9. e4 0-0 10. Bd3 Nh5 11. 0-0 f5 12. exf5 Bxf5 13. Ng5 Qd7 14. Bxf5 Rxf5 15. g4 Bxc3 16. bxc3 Rxg5 17. Bxg5 Ng7 18. Re1 Qf7 19. Re7 Qf8 20. Qe2 Nd7 21. Rxd7 Re8 22. Re7 1-0

[Event "Nova Odessa op"]
[Site "Nova Odessa"]
[Date "2014.06.01"]
[Round "6"]
[White "Casarin, Luis Marcio Pinhatt"]
[Black "Dairokuno, Mitsuru"]
[Result "1/2-1/2"]
[WhiteElo "1856"]
[BlackElo "1923"]
[PlyCount "61"]
[EventDate "2014.05.30"]
[EventType "swiss"]
[EventRounds "6"]
[EventCountry "BRA"]
[SourceTitle "CBM 160 Extra"]
[Source "ChessBase"]
[SourceDate "2014.07.01"]
[SourceVersion "1"]
[SourceVersionDate "2014.07.01"]
[SourceQuality "1"]

1. c4 e6 2. g3 c5 3. Bg2 Qc7 4. Nf3 Nc6 5. 0-0 a6 6. Nc3 Be7 7. d3 h5 8. Bf4 d6 9. a3 Bd7 10. Rb1 h4 11. b4 Nd4 12. bxc5 Nxf3+ 13. Bxf3 Bc6 14. cxd6 Bxd6 15. Bxd6 Qxd6 16. Bxc6+ Qxc6 17. Qa4 b5 18. cxb5 Qxc3 19. bxa6+ Ke7 20. Rb7+ Kf6 21. Qf4+ Kg6 22. Qxf7+ Kh7 23. Qxe6 Qf6 24. Qe4+ Qg6 25. Qxh4+ Nh6 26. a7 Rhe8 27. Re1 Qc6 28. Qb4 Qa6 29. Qb2 Nf5 30. g4 Nd4 31. Rxg7+ 1/2-1/2

[Event "Americana Region-ch 5th"]
[Site "Americana"]
[Date "2014.04.26"]
[Round "3"]
[White "Gardim, Leonardo D'Almada"]
[Black "Dairokuno, Mitsuru"]
[Result "1-0"]
[WhiteElo "1591"]
[BlackElo "1923"]
[PlyCount "81"]
[EventDate "2014.04.26"]
[EventType "swiss"]
[EventRounds "5"]
[EventCountry "BRA"]
[SourceTitle "CBM 160 Extra"]
[Source "ChessBase"]
[SourceDate "2014.07.01"]
[SourceVersion "1"]
[SourceVersionDate "2014.07.01"]
[SourceQuality "1"]

1. e4 c5 2. Nf3 e6 3. d3 Qc7 4. g3 Nc6 5. Bg2 Be7 6. 0-0 h5 7. h4 Nf6 8. Re1 Ng4 9. c3 b6 10. d4 cxd4 11. cxd4 Nb4 12. Nc3 Ba6 13. Bf4 d6 14. Rc1 Qd7 15. Bf1 Bxf1 16. Rxf1 d5 17. a3 dxe4 18. axb4 exf3 19. Qxf3 Rd8 20. Ne2 Bd6 21. Bd2 0-0 22. Bc3 Bb8 23. Nf4 Bxf4 24. Qxf4 Qd5 25. f3 Nf6 26. Rfe1 Qd6 27. Qg5 Nd5 28. Kg2 g6 29. Qh6 Rd7 30. Re5 f6 31. Re2 Rh7 32. Qd2 g5 33. hxg5 fxg5 34. Re5 Rf5 35. Rce1 h4 36. g4 Nf4+ 37. Kh1 Rxe5 38. Rxe5 Rg7 39. d5 Nxd5 40. Qd4 Rg6 41. Rf5 1-0